LEADER 01833nam a2200349 i 4500 001 000000225826 003 CaOOAMICUS 005 20220422115307.0 008 131219s2013 it u000 u ita u 013 $a204728 020 $a978-88-7135-907-6 040 $aSeMil$bita 110 2 $aRomite dell'Ordine di S. Ambrogio ad Nemus.$0(OLS)http://semarc/name/7629 245 10$aBeata Caterina e Beata Giuliana del Sacro Monte di Varese :$bnella luce dell'amoroso Cristo crocifisso : nel calendario dei santi si fa memoria il 27 aprile /$cRomite Ambrosiane. 264 1$aGorle :$bVelar,$c2013. 300 $a63 p. :$bill. ;$c21 cm. 490 1 $aCollana blu "Messaggeri d'amore" protagonisti della fede ;$v363 600 14$aPuricelli, Giuliana .$0(OLS)http://semarc/subject/36163 600 14$aMoriggi, Caterina .$0(OLS)http://semarc/subject/52162 650 4$aVarese - Sacro Monte - Beate Caterina e Giuliana.$0(OLS)http://semarc/subject/52163 830 0$aCollana blu : messaggeri d'amore, protagonisti della fede ;$v363.$0(OLS)http://semarc/title/38058 850 $aSeMil 852 $aSeMil$W1$xVenegono$y1$m5B III 27/20$j176172$B176172$CSeMilBibl$Z2$F186705 $81 910 2 $aMonastero Romite Ambrosiane$c. 910 2 $aRomite Ambrosiane$c. 961 $aOmaggio: Altro 996 $6020$a978-88-7135-907-6$9(OLS)http://semarc/number/226833 996 $6245$aBeata Caterina e Beata Giuliana del Sacro Monte di Varese :$bnella luce dell'amoroso Cristo crocifisso : nel calendario dei santi si fa memoria il 27 aprile$9(OLS)http://semarc/title/323435 996 $6264$aGorle :$bVelar$9(OLS)http://semarc/publisher/33489 LEADER 01132nam a2200265 i 4500 001 000000105226 003 CaOOAMICUS 005 20250424100325.0 008 020214s1968 be u000 u lat u 040 $aSeMil$bita 100 0 $aPetrus : Venerabilis,$c.$0(OLS)http://semarc/name/13286 245 10$aPetri Venerabilis Contra Petrobrusianos hereticos /$ccura et studio James Fearns. 260 $aTurnholti :$bBrepols,$c1968. 300 $aXVIII, 179 p. ;$c26 cm. 490 0 $aCorpus Christianorum. Continuatio Mediaevalis ;$v10. 700 1 $aFearns, James.$0(OLS)http://semarc/name/44386 830 0$aCorpus Christianorum. Continuatio Mediaevalis ;$v10.$0(OLS)http://semarc/title/35 850 $aSeMil 852 $aSeMil$W1$xVenegono$y1$mSL2.F CC.CM 10$j256220$B61483$CSeMilBibl$Z2$F70860 $8I 900 0 $aPietro : il Venerabile. 961 $aSottoscrizione: Brepols 996 $6245$aPetri Venerabilis Contra Petrobrusianos hereticos$9(OLS)http://semarc/title/152379 996 $6260$aTurnholti :$bBrepols$9(OLS)http://semarc/publisher/29625